000 00423nam a22001337a 4500
008 250605b |||||||| |||| 00| 0 eng d
020 _a9781312491
050 _aS 338
_b.M 36
100 _aManyong V.M
245 _aAgriculture in Nigeria: Identifying opportunities for increased commercialization and investment
260 _aIbadan
_bInternational institute of tropical agriculture
_c2005
300 _a190p
942 _cBK
999 _c3828
_d3828